| 000 | 00714nam a22002055a 4500 | ||
|---|---|---|---|
| 003 | OSt | ||
| 005 | 20180106104242.0 | ||
| 008 | 180106s2014 ua a grb 000 0 ara d | ||
| 040 |
_aEG-ScBUE _bara _cEG-ScBUE |
||
| 043 | _af-ua--- | ||
| 082 | 0 | 4 |
_a368.962 _bص ن ا _222 |
| 110 | 2 | _aالاتحاد المصري للتأمين. | |
| 245 | 1 | 0 |
_aصناعة التأمين في مصر عبر قرن ونصف / _cالاتحاد المصري للتأمين. |
| 260 |
_aالجيزة : _bالاتحاد المصري للتأمين، _c2014. |
||
| 300 |
_a399 ص. : _bإيض. (لو.) ؛ _c24 سم. |
||
| 650 | 7 |
_aالتأمين _zمصر _xتاريخ. _2BUEsh |
|
| 651 | _2BUEsh | ||
| 653 |
_bGGEN _cJanuary2018 |
||
| 942 | _2ddc | ||
| 999 |
_c25872 _d25844 |
||